000 00810nam a2200217Ia 4500
003 IN-BaIIA
008 211028s9999 xx 000 0 eng d
020 _a0379-6566
040 _cIIA Library
080 _a523.43(063)
_bESA
111 _aWorkshop on the Planet Mars
_c University of Leeds
_d1982 Aug. 27
_914525
245 4 _athe planet Mars
_bproceedings of a Workshop on the planet Mars, held in the University of Leeds, 27 August 1982
_cedited by B. Battrick and E. Rolfe
260 _aFrance
_bEuropean Space Agency
_c1982
300 _av, 120p.
650 _aAstronomy and Astrophysics thesaurus
650 _aPlanet Mars
_91263
650 _aPlanetary systems
_9965
700 _aBattrick, B., ed.
_911567
700 _aRolfe, E.
_914526
942 _cBK
999 _c8654
_d8654